Anyone can grow roses ; the plant doctor's rose book.

Bibliographic Details
Main Author: Westcott, Cynthia, 1898-1983
Format: Book
Language:English
Published: Toronto, New York : Van Nostrand, [1952]
Subjects:

MARC

Tag First Indicator Second Indicator Subfields
LEADER 00000cam a2200000 4500
001 in00000019754
005 20151007053720.0
008 750326s1952 cn 00010 eng d
010 |a agr52000407  
035 |a (OCoLC)01239161 
035 |9 AAB2579AM 
040 |a HEI  |c HEI  |d m.c.  |d TXA  |d UtOrBLW 
049 |a TXAM  |c [209594] 
050 0 |a SB411  |b .W48 
082 0 |a 635.93337 
082 0 4 |a 635.933  |a R795w 
100 1 |a Westcott, Cynthia,  |d 1898-1983. 
245 1 0 |a Anyone can grow roses ;  |b the plant doctor's rose book. 
264 1 |a Toronto,  |a New York :  |b Van Nostrand,  |c [1952] 
300 |a viii, 147 pages :  |b illustrations ;  |c 22 cm. 
336 |a text  |b txt  |2 rdacontent 
337 |a unmediated  |b n  |2 rdamedia 
338 |a volume  |b nc  |2 rdacarrier 
504 |a Bibliography: pages 135-138. 
650 0 |a Roses. 
650 0 |a Roses  |x Diseases and pests. 
999 |a MARS 
999 f f |s 303eccfc-5ffd-3570-9edb-419072dfc1a7  |i 41f49aee-0c9d-36c3-ab61-2da7f36e766e  |t 0 
952 f f |p ric  |a Texas A&M University  |b Rellis Campus  |c Joint Library Facility  |d Remote Storage  |t 0  |e SB411 .W48  |h Library of Congress classification  |i unmediated -- volume  |m A14801084949 
998 f f |a SB411 .W48  |t 0  |l Remote Storage